[Event "Bratislava Doprastav op"]
[Site "Bratislava"]
[Date "2019.04.19"]
[Round "3"]
[White "Moravcik, Peter"]
[Black "Kucharek, Tibor"]
[Result "1/2-1/2"]
[WhiteElo "1617"]
[BlackElo "1645"]
[PlyCount "52"]
[EventDate "2019.04.18"]
[EventType "swiss"]
[EventRounds "7"]
[EventCountry "SVK"]
[SourceTitle "CBM 189 Extra"]
[Source "ChessBase"]
[SourceDate "2019.05.31"]
[SourceVersion "1"]
[SourceVersionDate "2019.05.31"]
[SourceQuality "1"]

1. e4 d5 2. exd5 Qxd5 3. Nc3 Qa5 4. Nf3 Nf6 5. Be2 Bf5 6. 0-0 e6 7. d3 c6 8. Bd2 Qc7 9. Nh4 Bg6 10. b3 Bd6 11. g3 Nbd7 12. Bg5 Qa5 13. Nxg6 hxg6 14. Bxf6 Nxf6 15. Ne4 Nxe4 16. dxe4 0-0-0 17. Bd3 Be5 18. Rb1 Rh5 19. Kg2 Rdh8 20. Rh1 f5 21. Be2 R5h6 22. Bc4 g5 23. exf5 exf5 24. Qd3 Bd6 25. Rbd1 Qe5 26. h3 b5 1/2-1/2

[Event "Bratislava Dubravan op"]
[Site "Bratislava"]
[Date "2014.08.28"]
[Round "4"]
[White "Moravcik, Peter"]
[Black "Straka, Ivan"]
[Result "0-1"]
[WhiteElo "1676"]
[BlackElo "1653"]
[PlyCount "26"]
[EventDate "2014.08.25"]
[EventType "swiss"]
[EventRounds "7"]
[EventCountry "SVK"]
[SourceTitle "EXT 2023"]
[Source "ChessBase"]
[SourceDate "2022.10.05"]
[SourceVersion "1"]
[SourceVersionDate "2022.10.05"]
[SourceQuality "1"]

1. e4 d5 2. exd5 Qxd5 3. Nf3 Bg4 4. Be2 Nf6 5. 0-0 e6 6. d3 Bd6 7. Nc3 Qh5 8. h3 Bxh3 9. Ng5 Bg4 10. f4 Bxe2 11. Qxe2 Bc5+ 12. Be3 Ng4 13. Nf3 Bxe3+ 0-1

[Event "SVK-ch Seniors-A"]
[Site "Tatranske Matliare"]
[Date "2010.06.??"]
[Round "5"]
[White "Galbavy, Dusan"]
[Black "Moravcik, Peter"]
[Result "1-0"]
[WhiteElo "1877"]
[BlackElo "1641"]
[PlyCount "75"]
[EventDate "2010.06.06"]
[EventType "swiss"]
[EventRounds "9"]
[EventCountry "SVK"]
[SourceTitle "EXT 2023"]
[Source "ChessBase"]
[SourceDate "2022.10.05"]
[SourceVersion "1"]
[SourceVersionDate "2022.10.05"]
[SourceQuality "1"]

1. e4 e6 2. d4 d5 3. Nd2 dxe4 4. Nxe4 Nf6 5. Nxf6+ Qxf6 6. Nf3 Qd8 7. Bd3 Be7 8. 0-0 0-0 9. c3 Re8 10. Qc2 g6 11. Bf4 Bd6 12. Bg5 Be7 13. Be3 Nd7 14. Rad1 c6 15. Rfe1 Qc7 16. b4 Nb6 17. a3 Nd5 18. Bc1 Bd6 19. g3 Bd7 20. c4 Nf6 21. c5 Be7 22. Bf4 Qd8 23. Ne5 Nd5 24. Bc1 Bf6 25. Re4 Bg7 26. Bf1 Rf8 27. Ree1 a6 28. h4 Bxe5 29. dxe5 f6 30. exf6 Qxf6 31. Bb2 Qf5 32. Bd3 Qg4 33. Re5 Nf4 34. Rd2 Nxd3 35. Qxd3 Rad8 36. Rg5 Qf3 37. Rxg6+ Kf7 38. Qxf3+ 1-0

[Event "SVK-ch Seniors-A"]
[Site "Tatranske Matliare"]
[Date "2010.06.??"]
[Round "8"]
[White "Moravcik, Peter"]
[Black "Demko, Ladislav"]
[Result "0-1"]
[WhiteElo "1641"]
[BlackElo "1832"]
[PlyCount "74"]
[EventDate "2010.06.06"]
[EventType "swiss"]
[EventRounds "9"]
[EventCountry "SVK"]
[SourceTitle "EXT 2023"]
[Source "ChessBase"]
[SourceDate "2022.10.05"]
[SourceVersion "1"]
[SourceVersionDate "2022.10.05"]
[SourceQuality "1"]

1. e4 c5 2. c3 e5 3. d4 cxd4 4. cxd4 exd4 5. Qxd4 Nc6 6. Qd1 d6 7. Nf3 Bg4 8. Be2 Nf6 9. Nc3 Be7 10. 0-0 0-0 11. a3 a6 12. Re1 Qc7 13. Be3 b5 14. Rc1 Bxf3 15. Bxf3 Qd8 16. Nd5 Nxd5 17. exd5 Ne5 18. Bd4 Bf6 19. Bxe5 Bxe5 20. Rc2 Rc8 21. b4 Rc4 22. Re4 Rxe4 23. Bxe4 Qh4 24. Bxh7+ Qxh7 25. g3 Qe4 26. Rc6 Ra8 27. h4 g6 28. h5 Kg7 29. hxg6 Kxg6 30. f3 Qe3+ 31. Kg2 Kg7 32. Qc2 Qg5 33. Qf2 Qe7 34. f4 Bf6 35. Qf3 Kf8 36. Qg4 Qe4+ 37. Kh3 Qh1# 0-1